| 000 | 00795nam a2200265 a 4500 | ||
|---|---|---|---|
| 001 | vtls001192952 | ||
| 003 | NLI | ||
| 005 | 20210603151052.0 | ||
| 008 | 120328s1943 enk f001 0 eng d | ||
| 039 | 9 |
_y201203281646 _zVLOAD |
|
| 040 |
_a NLI _b eng _c Entertech IMP - 2012 _e AACR2 |
||
| 041 | 0 | _aeng | |
| 044 | _aenk | ||
| 084 | _a132.H.245 | ||
| 100 | 1 |
_aThomson, James C. _q(James Charles) _9626196 |
|
| 245 | 1 | 0 |
_aConstipation and our civilisation / _cby James C. Thomson; illustrated by C. Leslie Thomson |
| 260 |
_aLondon: _bThorson Publisheers, _c1943 |
||
| 300 |
_a203 p. ; _c19 cm. |
||
| 650 | 0 |
_aConstipation _9626061 |
|
| 887 | _a | ||
| 901 |
_aIMP80074 : _b23.10.2010 |
||
| 902 | _a132.H.245 | ||
| 942 |
_2ddc _cBKS |
||
| 949 |
_AVIRTUAITEM _D10000 _X100 _6IMP000080074ENG |
||
| 999 |
_c463567 _d463567 |
||